000 00860nam a22002057a 4500
999 _c62696
_d62696
003 Ge_BSU
005 20250124105034.0
008 250124s2024 ge ||||| |||| 00| 0 geo d
020 _a9789941339035
041 _ageo
080 _a517.978(075.8) კ-54
100 _aკირთაძე, ალექსი
_913192
245 _aლებეგის ზომა და ინტეგრალი /
_c ალექსი კირთაძე; საქართველოს ტექნიკური უნივერსიტეტი.
264 _aთბილისი :
_bუნივერსალი,
_c2024.
300 _a576 გვ. ;
_b21 სმ.
501 _aსაძიებელი გვ. 566-569
504 _aბიბლიოგრ. გვ. 570-573
773 _tნაჩუქარი
942 _2udc
_cᲬᲘᲒᲜᲘ